Humanismo y economía / (Record no. 10314)

000 -CABECERA
fixed length control field 00812nam a22002177a 4500
003 - IDENTIFICADOR DEL NÚMERO DE CONTROL
control field AR-CdUCM
008 - DATOS DE LONGITUD FIJA--INFORMACIÓN GENERAL
fixed length control field 190329b ||||| |||| 00| 0 spa d
040 ## - FUENTE DE LA CATALOGACIÓN
Agencia/entidad que catalogó originalmente la obra MUNICIPALIDAD PROVINCIAL DEL CUSCO
Entidad que transcribió la catalogación BIBLIOTECA MUNICIPAL DEL CUSCO
082 ## - NÚMERO DE LA CLASIFICACIÓN DECIMAL DEWEY
No. de Clasificación C / 330 /
Notacion interna R36
100 ## - ENTRADA PRINCIPAL--NOMBRE DE PERSONA
Nombre Personal Reinaga, César Augusto
245 ## - MENCIÓN DE TÍTULO
Título Humanismo y economía /
260 ## - PUBLICACIÓN, DISTRIBUCIÓN, ETC.
Lugar de publicación, distribución, etc. Cusco :
Nombre de la editorial, distribuidor, etc. Garcilaso,
Fecha de publicación, distribución, etc. 22.5 cm.
300 ## - DESCRIPCIÓN FÍSICA
Nº de Páginas Extensión 155 páginas ;
Dimensiones 22.5 cm.
505 ## - NOTA DE CONTENIDO CON FORMATO
Nota de contenido formateada Contenido: Economía humana -- Una teoría extraordinaria -- Una espada de doble filo -- La economía dominante -- Ante el comercio internacional ...
650 ## - PUNTO DE ACCESO ADICIONAL DE MATERIA--TÉRMINO DE MATERIA
Descriptor Economía
9 (RLIN) 382
650 ## - PUNTO DE ACCESO ADICIONAL DE MATERIA--TÉRMINO DE MATERIA
Descriptor Humanismo
9 (RLIN) 2496
650 ## - PUNTO DE ACCESO ADICIONAL DE MATERIA--TÉRMINO DE MATERIA
Descriptor Publicaciones locales - Cusco
9 (RLIN) 27110
942 ## - ELEMENTOS DE PUNTO DE ACCESO ADICIONAL (KOHA)
Fuente de clasificación
Tipo de item Libros-BMC
945 ## - PROCESAMIENTO DE INFORMACIÓN LOCAL (OCLC)
Catalogador pjha
AAAA-MM-DD - Fecha de ingreso o modificacion 2019-05-14
Holdings
Estado de retiro (separado) Fuente de clasificación o esquema de estanterías Estado dañado Ubicación Sala donde se ubica Nombre de la colección Fecha de adquisición o compra Costo, precio normal en soles Signatura topográfica Código de Barras Última vez visto (Koha) Tipo de ítem (Koha) Información codificada de la localización en otra ubicación
No     Sala Cusco Antiguo Sala Cusco Antiguo Book Cart 2019-03-29 60.00 C / 330 / R36 SCA0000534 2019-03-29 Libros-BMC  
No     Sala Cusco Antiguo Sala Cusco Antiguo Book Cart 2019-04-10 50413.00 C / 330 / R36 /e.2 SCA0002494 2019-04-10 Libros-BMC 60.00
No     Sala Cusco Antiguo Sala Cusco Antiguo Book Cart 2019-04-11 60.00 C / 330 / R36 / e.3 SCA0002614 2019-04-11 Libros-BMC  
No     Sala Cusco Antiguo Sala Cusco Antiguo Book Cart 2019-04-15 60.00 C / 330 / R36 / e,4 SCA0002785 2019-04-15 Libros-BMC  
No     Sala Cusco Antiguo Sala Cusco Antiguo Book Cart 2019-04-15 60.00 C / 330 / R36 / e,5 SCA0003751 2019-04-30 Libros-BMC  
No     Sala Humanidades Sala Humanidades Book Cart 2019-04-10 30.00 330 / R36 SH0000010419 2019-04-10 Libros-BMC  

Powered by Koha